=LDR 00000nam 2200000 4500 =001 INLIS000000000041663 =005 20200324095532 =035 ##$$a 0010-061300000041663 =008 200324################g##########0#ind## =082 ##$$a 2x1.3 =090 ##$$a 2x1.3, Man s =100 1#$$a Mansur, Yusuf =245 1#$$a Seberapa dekat kita dengan Al-Qur'an?, /$c Ust. Yusuf Mansur =260 ##$$a Jakarta :$b Zikrul,$c 2011 =300 ##$$a 48 hlm, ; $c 11 X 17,5 cm =650 #4$$a Al-Qur'an =850 ##$$a NBPNMAT =020 ##$$a 978-979-063-615-6 =084 ##$$a 2x1.3 MAN s =250 ##$$a cet.1 =990 ##$$a 26311 =990 ##$$a 00086986